[Event "Bansko op"]
[Site "Bansko"]
[Date "2010.12.19"]
[Round "9"]
[White "Kolev, Vasil"]
[Black "Kjurkchiiski, Georgi"]
[Result "1-0"]
[WhiteElo "1991"]
[BlackElo "2265"]
[PlyCount "83"]
[EventDate "2010.12.13"]
[EventType "swiss"]
[EventRounds "9"]
[EventCountry "BUL"]
[SourceTitle "CBM 139 Extra"]
[Source "ChessBase"]
[SourceDate "2011.01.05"]
[SourceVersion "1"]
[SourceVersionDate "2011.01.05"]
[SourceQuality "1"]

1. d4 Nf6 2. c4 g6 3. Nc3 Bg7 4. e4 d6 5. f3 0-0 6. Be3 e5 7. d5 c6 8. Bd3 cxd5 9. cxd5 a6 10. Nge2 Nbd7 11. 0-0 Nh5 12. b4 Nf4 13. Qd2 f5 14. Bc2 Nf6 15. Nxf4 exf4 16. Bd4 fxe4 17. Nxe4 Nxe4 18. Bxe4 Bd7 19. Rac1 Rc8 20. Bxg7 Kxg7 21. Rxc8 Qb6+ 22. Rc5 Kg8 23. Rfc1 a5 24. Qf2 dxc5 25. bxc5 Qb4 26. h4 Bf5 27. Bxf5 gxf5 28. c6 bxc6 29. dxc6 Qe7 30. c7 Rc8 31. Qc5 Qe3+ 32. Qxe3 fxe3 33. f4 Kf7 34. Kf1 Ke7 35. Ke2 Kd7 36. Kxe3 Rxc7 37. Rxc7+ Kxc7 38. Kd4 Kd6 39. a4 Ke6 40. Kc5 h5 41. Kc6 Ke7 42. Kd5 1-0

[Event "Benidorm op U2000 09th"]
[Site "Benidorm"]
[Date "2010.12.10"]
[Round "9"]
[White "Sacristan Latorre, Alberto"]
[Black "Kolev, Vasil"]
[Result "0-1"]
[WhiteElo "1928"]
[BlackElo "1991"]
[PlyCount "80"]
[EventDate "2010.12.03"]
[EventType "swiss"]
[EventRounds "10"]
[EventCountry "ESP"]
[SourceTitle "CBM 139 Extra"]
[Source "ChessBase"]
[SourceDate "2011.01.05"]
[SourceVersion "1"]
[SourceVersionDate "2011.01.05"]
[SourceQuality "1"]

1. e4 c5 2. Nf3 d6 3. d4 cxd4 4. Nxd4 Nf6 5. Nc3 a6 6. Be3 e5 7. Nb3 Be6 8. f3 Be7 9. Qd2 h5 10. 0-0-0 Nbd7 11. h3 Rc8 12. Kb1 Qc7 13. Bd3 b5 14. g4 Nb6 15. Bxb6 Qxb6 16. g5 Nd7 17. Nd5 Bxd5 18. exd5 g6 19. Rhe1 0-0 20. h4 Rfe8 21. Re2 Bf8 22. Rde1 Red8 23. f4 exf4 24. Qxf4 Ne5 25. Nd4 Bg7 26. Nf5 gxf5 27. Qxf5 Nxd3 28. Re7 Rf8 29. g6 fxg6 30. Qxg6 Qd4 31. c3 Nf4 32. Qxd6 Qd3+ 33. Ka1 Qxd5 34. Rxg7+ Kxg7 35. Rg1+ Kh7 36. Qe7+ Qf7 37. Qe4+ Ng6 38. Qe2 Qf3 39. Qe1 Rfe8 40. Qb1 Re4 0-1

[Event "Benidorm op U2000 09th"]
[Site "Benidorm"]
[Date "2010.12.04"]
[Round "2"]
[White "Iglesias Fernandez, Luis"]
[Black "Kolev, Vasil"]
[Result "0-1"]
[WhiteElo "1879"]
[BlackElo "1991"]
[PlyCount "86"]
[EventDate "2010.12.03"]
[EventType "swiss"]
[EventRounds "10"]
[EventCountry "ESP"]
[SourceTitle "CBM 139 Extra"]
[Source "ChessBase"]
[SourceDate "2011.01.05"]
[SourceVersion "1"]
[SourceVersionDate "2011.01.05"]
[SourceQuality "1"]

1. d4 d5 2. Bf4 Nf6 3. e3 e6 4. Bd3 c5 5. c3 Nc6 6. Nd2 Bd6 7. Bg3 0-0 8. Ngf3 b6 9. Ne5 Bb7 10. 0-0 Qc7 11. Nxc6 Qxc6 12. Bxd6 Qxd6 13. f4 g6 14. Rf3 Kg7 15. h4 h5 16. Rg3 cxd4 17. cxd4 Ng4 18. Nf1 Qe7 19. Rh3 Rfc8 20. Nh2 f5 21. Nxg4 hxg4 22. Rh1 Qb4 23. Qe2 Rc7 24. h5 Rac8 25. Kf2 gxh5 26. Rxh5 Rc1 27. Rxc1 Rxc1 28. Bxf5 exf5 29. Rxf5 g3+ 30. Kxg3 Qe1+ 31. Qxe1 Rxe1 32. Re5 Kf6 33. Re8 Re2 34. Rb8 Rxe3+ 35. Kf2 Re7 36. g4 Bc6 37. g5+ Kf5 38. Rf8+ Kg4 39. g6 Bb5 40. f5 Re2+ 41. Kf1 Kg3 42. a4 Bd3 43. g7 Re7+ 0-1

[Event "BUL-ch U26"]
[Site "Sofia"]
[Date "2010.11.07"]
[Round "6"]
[White "Andreev, Stanislav"]
[Black "Kolev, Vasil"]
[Result "0-1"]
[WhiteElo "2172"]
[BlackElo "1991"]
[PlyCount "100"]
[EventDate "2010.11.03"]
[EventType "swiss"]
[EventRounds "7"]
[EventCountry "BUL"]
[SourceTitle "EXT 2011"]
[Source "ChessBase"]
[SourceDate "2010.11.26"]
[SourceVersion "1"]
[SourceVersionDate "2010.11.26"]
[SourceQuality "1"]

1. d4 d5 2. c4 e6 3. Nc3 Nf6 4. cxd5 exd5 5. Bg5 Be7 6. e3 0-0 7. Bd3 Nbd7 8. Nf3 c6 9. Qc2 Re8 10. 0-0 Nf8 11. h3 Ng6 12. Rab1 a5 13. a3 Bd6 14. Nh4 Bd7 15. Bf5 Nxh4 16. Bxh4 Bxf5 17. Qxf5 Qd7 18. Qxd7 Nxd7 19. b4 axb4 20. axb4 b5 21. e4 dxe4 22. d5 cxd5 23. Nxd5 h6 24. Rfd1 Re6 25. Nc3 Rb8 26. Rxd6 Rxd6 27. Bg3 Rc6 28. Bxb8 Rxc3 29. Rd1 Rd3 30. Rc1 Nxb8 31. Rc8+ Kh7 32. Rxb8 Rd5 33. Rb6 f6 34. Kf1 Kg6 35. Rb7 Kf5 36. Ke2 g6 37. Ke3 h5 38. g3 g5 39. Rb8 Rd3+ 40. Ke2 h4 41. Rxb5+ Kg6 42. gxh4 gxh4 43. Rb8 Rxh3 44. Kf1 Rb3 45. Kg2 Rb2 46. Rh8 Kg5 47. Rg8+ Kf5 48. Rh8 e3 49. Rxh4 Rxf2+ 50. Kg3 Rf1 0-1

[Event "BUL-ch U26"]
[Site "Sofia"]
[Date "2010.11.06"]
[Round "5"]
[White "Stoyanov, Stefan"]
[Black "Kolev, Vasil"]
[Result "0-1"]
[WhiteElo "1839"]
[BlackElo "1991"]
[PlyCount "56"]
[EventDate "2010.11.03"]
[EventType "swiss"]
[EventRounds "7"]
[EventCountry "BUL"]
[SourceTitle "EXT 2011"]
[Source "ChessBase"]
[SourceDate "2010.11.26"]
[SourceVersion "1"]
[SourceVersionDate "2010.11.26"]
[SourceQuality "1"]

1. e4 c5 2. f4 d5 3. exd5 Qxd5 4. Nc3 Qd8 5. Bc4 Nf6 6. Nf3 g6 7. Ne5 e6 8. 0-0 Bg7 9. d3 0-0 10. Be3 Nbd7 11. Nf3 a6 12. d4 b5 13. Be2 Ng4 14. Bc1 Qb6 15. d5 c4+ 16. Kh1 Nf2+ 17. Rxf2 Qxf2 18. Ne4 Qb6 19. dxe6 Qxe6 20. Nfg5 Qe7 21. Qd5 Nb6 22. Qc6 Bb7 23. Qd6 Rfe8 24. Qxb6 Bxe4 25. Kg1 Bxc2 26. Bf1 Rad8 27. Nf3 Be4 28. Nd2 Bd4+ 0-1

[Event "BUL-chT-B Group qual B"]
[Site "Sofia"]
[Date "2010.02.20"]
[Round "2.3"]
[White "Trichkov, Vasil"]
[Black "Kolev, Vasil"]
[Result "1-0"]
[WhiteElo "2312"]
[BlackElo "2039"]
[PlyCount "55"]
[EventDate "2010.02.19"]
[EventType "team-tourn"]
[EventRounds "4"]
[EventCountry "BUL"]
[SourceTitle "CBM 135 Extra"]
[Source "ChessBase"]
[SourceDate "2010.05.04"]
[SourceVersion "1"]
[SourceVersionDate "2010.05.04"]
[SourceQuality "1"]
[WhiteTeam "Sofia Slavia"]
[BlackTeam "Stolichen Center"]
[WhiteTeamCountry "BUL"]
[BlackTeamCountry "BUL"]

1. d4 Nf6 2. Nf3 d5 3. c4 e6 4. g3 Be7 5. Bg2 0-0 6. Qc2 Nbd7 7. 0-0 c6 8. Rd1 Re8 9. b3 Qc7 10. Nc3 b5 11. Bf4 Qa5 12. c5 b4 13. Na4 Ba6 14. a3 Qb5 15. Bf1 bxa3 16. Rxa3 Qb7 17. Nc3 e5 18. Nxe5 Nxe5 19. Bxe5 Bxc5 20. Rxa6 Bxd4 21. Bxd4 Qxa6 22. e4 Qa5 23. Bxf6 gxf6 24. exd5 cxd5 25. Nxd5 Re6 26. Qf5 Kg7 27. b4 Qa4 28. Rd4 1-0

[Event "Sofia Ivis op"]
[Site "Sofia"]
[Date "2009.10.18"]
[Round "6"]
[White "Vlashki, Nino"]
[Black "Kolev, Vasil"]
[Result "1-0"]
[WhiteElo "2288"]
[BlackElo "1983"]
[PlyCount "61"]
[EventDate "2009.10.14"]
[EventType "swiss"]
[EventRounds "7"]
[EventCountry "BUL"]
[SourceTitle "CBM 132 Extra"]
[Source "ChessBase"]
[SourceDate "2009.11.03"]
[SourceVersion "1"]
[SourceVersionDate "2009.11.03"]
[SourceQuality "1"]

1. Nf3 d5 2. c4 c6 3. d4 Nf6 4. Nc3 a6 5. cxd5 cxd5 6. Bg5 e6 7. e3 Be7 8. Bd3 0-0 9. Qc2 h6 10. Bh4 b5 11. 0-0 Bb7 12. Ne5 Nbd7 13. f4 Rc8 14. Qe2 Ne4 15. Bxe7 Qxe7 16. Rac1 Nxc3 17. bxc3 Nxe5 18. fxe5 f5 19. exf6 Rxf6 20. Rxf6 Qxf6 21. Qg4 Rf8 22. Rf1 Qe7 23. Rxf8+ Kxf8 24. Qf4+ Kg8 25. Qb8+ Kf7 26. Bh7 Bc6 27. Bg8+ Kg6 28. Qf4 Be8 29. Qg4+ Kf6 30. Qh4+ g5 31. Qxh6+ 1-0

[Event "Sofia Ivis op"]
[Site "Sofia"]
[Date "2009.10.17"]
[Round "4"]
[White "Andreev, Dobrotich"]
[Black "Kolev, Vasil"]
[Result "1/2-1/2"]
[WhiteElo "2132"]
[BlackElo "1983"]
[PlyCount "71"]
[EventDate "2009.10.14"]
[EventType "swiss"]
[EventRounds "7"]
[EventCountry "BUL"]
[SourceTitle "CBM 132 Extra"]
[Source "ChessBase"]
[SourceDate "2009.11.03"]
[SourceVersion "1"]
[SourceVersionDate "2009.11.03"]
[SourceQuality "1"]

1. e4 c5 2. Nf3 d6 3. d4 cxd4 4. Nxd4 Nf6 5. Nc3 a6 6. Be3 e5 7. Nb3 Be6 8. Qd2 Be7 9. f3 h5 10. 0-0-0 Nbd7 11. Kb1 Rc8 12. Be2 b5 13. a3 Qc7 14. f4 Nb6 15. f5 Nc4 16. Bxc4 Bxc4 17. Bg5 a5 18. Bxf6 Bxf6 19. Qxd6 Qxd6 20. Rxd6 Be7 21. Rb6 b4 22. axb4 axb4 23. Na2 Bxb3 24. cxb3 0-0 25. Rd1 Rb8 26. Rxb8 Rxb8 27. Nc1 g6 28. Rd5 Kg7 29. Nd3 gxf5 30. Rxe5 fxe4 31. Nf4 Bd6 32. Rxe4 Bxf4 33. Rxf4 Re8 34. Rxb4 Re2 35. Rc4 Rxg2 36. Rc2 1/2-1/2

[Event "Sofia Ivis op"]
[Site "Sofia"]
[Date "2009.10.16"]
[Round "3"]
[White "Spassov, Borislav"]
[Black "Kolev, Vasil"]
[Result "0-1"]
[WhiteElo "1717"]
[BlackElo "1983"]
[PlyCount "36"]
[EventDate "2009.10.14"]
[EventType "swiss"]
[EventRounds "7"]
[EventCountry "BUL"]
[SourceTitle "CBM 132 Extra"]
[Source "ChessBase"]
[SourceDate "2009.11.03"]
[SourceVersion "1"]
[SourceVersionDate "2009.11.03"]
[SourceQuality "1"]

1. e4 c5 2. Nf3 d6 3. d4 cxd4 4. Nxd4 Nf6 5. Nc3 a6 6. Be3 e5 7. Nb3 Be6 8. f3 Be7 9. Qd2 h5 10. 0-0-0 Nbd7 11. Kb1 Rc8 12. h3 b5 13. a3 Qc7 14. Bd3 Nb6 15. f4 Nc4 16. Bxc4 bxc4 17. Nc1 Qb7 18. Nd5 Bxd5 0-1

[Event "BUL-ch sf"]
[Site "Plovdiv"]
[Date "2009.01.31"]
[Round "9"]
[White "Kolev, Vasil"]
[Black "Ljangov, Petar"]
[Result "1/2-1/2"]
[WhiteElo "2008"]
[BlackElo "2095"]
[PlyCount "56"]
[EventDate "2009.01.25"]
[EventType "swiss"]
[EventRounds "9"]
[EventCountry "BUL"]
[SourceTitle "CBM 128 Extra"]
[Source "ChessBase"]
[SourceDate "2009.03.05"]
[SourceVersion "2"]
[SourceVersionDate "2009.03.25"]
[SourceQuality "1"]

1. d4 Nf6 2. c4 e6 3. Nf3 Nc6 4. g3 d6 5. Bg2 g6 6. Nc3 Bg7 7. 0-0 0-0 8. e4 Re8 9. e5 dxe5 10. dxe5 Qxd1 11. Rxd1 Nd7 12. Nb5 Rb8 13. Nxc7 Rf8 14. Be3 b6 15. Nb5 Ncxe5 16. Nxe5 Nxe5 17. Rac1 Ba6 18. b3 Bxb5 19. cxb5 Rfd8 20. Rxd8+ Rxd8 21. Rc7 Rd1+ 22. Bf1 Nf3+ 23. Kg2 Ne1+ 24. Kg1 Nf3+ 25. Kg2 Ne1+ 26. Kg1 Nf3+ 27. Kg2 Ne1+ 28. Kg1 Nf3+ 1/2-1/2

[Event "BUL-ch sf"]
[Site "Plovdiv"]
[Date "2009.01.29"]
[Round "7"]
[White "Kolev, Vasil"]
[Black "Kolev, Atanas Tonchev"]
[Result "1-0"]
[WhiteElo "2008"]
[BlackElo "2004"]
[PlyCount "73"]
[EventDate "2009.01.25"]
[EventType "swiss"]
[EventRounds "9"]
[EventCountry "BUL"]
[SourceTitle "CBM 128 Extra"]
[Source "ChessBase"]
[SourceDate "2009.03.05"]
[SourceVersion "2"]
[SourceVersionDate "2009.03.25"]
[SourceQuality "1"]

1. Nf3 Nf6 2. d3 g6 3. Nbd2 Bg7 4. g3 c5 5. Bg2 Nc6 6. 0-0 0-0 7. c3 d5 8. e4 e5 9. exd5 Nxd5 10. Qb3 Nde7 11. Nc4 Qc7 12. Re1 Be6 13. Qc2 h6 14. Qe2 f6 15. Be3 b6 16. Rac1 Nf5 17. d4 Nxe3 18. Nxe3 Bxa2 19. b4 Bf7 20. b5 Na5 21. dxe5 fxe5 22. Nh4 Rad8 23. Be4 Qd6 24. Rcd1 Qf6 25. Nd5 Qg5 26. Qc2 Rd6 27. Nf3 Qd8 28. Ne3 Bb3 29. Rxd6 Qxd6 30. Qb1 Bf7 31. Rd1 Qe6 32. Nh4 Kh8 33. Nef5 Qf6 34. Nd6 Kh7 35. Nxf7 Rxf7 36. Nxg6 Kg8 37. f3 1-0

[Event "BUL-ch sf"]
[Site "Plovdiv"]
[Date "2009.01.28"]
[Round "6"]
[White "Vlashki, Nino"]
[Black "Kolev, Vasil"]
[Result "1-0"]
[WhiteElo "2200"]
[BlackElo "2008"]
[PlyCount "69"]
[EventDate "2009.01.25"]
[EventType "swiss"]
[EventRounds "9"]
[EventCountry "BUL"]
[SourceTitle "CBM 128 Extra"]
[Source "ChessBase"]
[SourceDate "2009.03.05"]
[SourceVersion "2"]
[SourceVersionDate "2009.03.25"]
[SourceQuality "1"]

1. e4 c5 2. Nf3 g6 3. c3 d5 4. exd5 Qxd5 5. d4 Nc6 6. Be3 Bg7 7. dxc5 Qxd1+ 8. Kxd1 Bf5 9. Bc4 0-0-0+ 10. Ke2 Nf6 11. Na3 Ng4 12. Rhd1 Nxe3 13. Kxe3 Bh6+ 14. Ke2 Bg4 15. h3 Bxf3+ 16. Kxf3 Ne5+ 17. Ke2 e6 18. Bb5 Kc7 19. Rxd8 Rxd8 20. Rd1 Rb8 21. g3 Bf8 22. f4 Nc6 23. b4 a5 24. Nc4 axb4 25. cxb4 Bg7 26. Bxc6 Kxc6 27. a4 Bc3 28. Ne5+ Bxe5 29. fxe5 Ra8 30. Rd6+ Kc7 31. a5 Rf8 32. Ke3 f5 33. b5 Ra8 34. a6 bxa6 35. Rxa6 1-0

[Event "BUL-ch U26"]
[Site "Sofia"]
[Date "2008.11.07"]
[Round "7"]
[White "Kolev, Vasil"]
[Black "Krastev, Krasimir"]
[Result "1-0"]
[WhiteElo "2013"]
[BlackElo "2034"]
[PlyCount "65"]
[EventDate "2008.11.03"]
[EventType "swiss"]
[EventRounds "7"]
[EventCountry "BUL"]
[SourceTitle "EXT 2009"]
[Source "ChessBase"]
[SourceDate "2008.11.26"]
[SourceVersion "1"]
[SourceVersionDate "2008.11.26"]
[SourceQuality "1"]

1. d4 Nf6 2. c4 g6 3. Nc3 Bg7 4. e4 d6 5. f3 0-0 6. Be3 Nbd7 7. Bd3 c5 8. Nge2 cxd4 9. Nxd4 Ne5 10. 0-0 Nxd3 11. Qxd3 Nd7 12. Rfd1 Ne5 13. Qe2 Qc7 14. Nd5 Qd8 15. Rac1 e6 16. Nc3 a6 17. f4 Nc6 18. Nxc6 bxc6 19. Bc5 dxc5 20. Rxd8 Rxd8 21. e5 a5 22. b3 Rd4 23. g3 Bd7 24. Ne4 Rd8 25. Re1 Bc8 26. Qc2 a4 27. Nxc5 Rd2 28. Qc3 axb3 29. Qxb3 Bf8 30. Ne4 R2d3 31. Qb6 c5 32. Nd6 Bxd6 33. Qxd8+ 1-0

[Event "BUL-ch U26"]
[Site "Sofia"]
[Date "2007.11.11"]
[Round "7.7"]
[White "Kolev, Vasil"]
[Black "Nachev, Nasko"]
[Result "1-0"]
[WhiteElo "1996"]
[BlackElo "2087"]
[PlyCount "95"]
[EventDate "2007.11.07"]
[EventType "swiss"]
[EventRounds "7"]
[EventCountry "BUL"]
[SourceTitle "CBM 121 Extra"]
[Source "ChessBase"]
[SourceDate "2008.01.10"]
[SourceVersion "1"]
[SourceVersionDate "2008.01.10"]
[SourceQuality "1"]

1. d4 Nf6 2. c4 e6 3. Nf3 d5 4. Nc3 Bb4 5. Qb3 c5 6. Bg5 h6 7. Bxf6 Qxf6 8. cxd5 exd5 9. dxc5 Nc6 10. 0-0-0 Be6 11. Nxd5 Bxd5 12. Rxd5 0-0 13. Rd6 Qe7 14. e3 Bxc5 15. Rd1 a5 16. Bb5 a4 17. Bxa4 Na5 18. Qb5 Rfc8 19. Kb1 Rc6 20. Qd3 Rb6 21. Bc2 g6 22. Nd4 Qf6 23. Nb3 Nc6 24. Qc3 Qxc3 25. bxc3 Bf8 26. Bd3 Bg7 27. Rc1 Na5 28. Kb2 Bf8 29. Ra1 Ba3+ 30. Kc2 Rc8 31. Nxa5 Rb2+ 32. Kd1 Rxc3 33. Be4 f5 34. Nc4 Rxf2 35. Bd5+ Kg7 36. Nxa3 Rxa3 37. Bb3 Rxg2 38. Rc1 Ra7 39. Rc2 Rg4 40. Rc7+ Kf6 41. Ke2 Re4 42. Kf3 g5 43. Rd1 g4+ 44. Kf2 Re7 45. Rd6+ Ke5 46. Rd5+ Kf6 47. Rxe7 Kxe7 48. Rxf5 1-0

[Event "BUL-ch U26"]
[Site "Sofia"]
[Date "2007.11.08"]
[Round "2.9"]
[White "Petkova, Veneta"]
[Black "Kolev, Vasil"]
[Result "0-1"]
[WhiteElo "1947"]
[BlackElo "1996"]
[PlyCount "114"]
[EventDate "2007.11.07"]
[EventType "swiss"]
[EventRounds "7"]
[EventCountry "BUL"]
[SourceTitle "CBM 121 Extra"]
[Source "ChessBase"]
[SourceDate "2008.01.10"]
[SourceVersion "1"]
[SourceVersionDate "2008.01.10"]
[SourceQuality "1"]

1. e4 c5 2. Nf3 d6 3. d4 cxd4 4. Nxd4 Nf6 5. Nc3 a6 6. Be2 e5 7. Nb3 Be6 8. 0-0 Nbd7 9. f4 Qc7 10. Nd5 Qc6 11. Bf3 Rc8 12. c3 g6 13. Kh1 Bg7 14. a4 Bxd5 15. exd5 Qc7 16. g3 0-0 17. Bg2 Rfe8 18. f5 Qc4 19. fxg6 hxg6 20. Nd2 Qd3 21. Rf3 Qxd5 22. Rxf6 e4 23. Rf1 Nc5 24. Qe2 Qe6 25. Qe3 f5 26. Rd1 Nd3 27. Nf1 Bh6 28. Qxh6 Nf2+ 29. Kg1 Nxd1 30. Qd2 e3 31. Qe2 Nf2 32. Qxe3 Ne4 33. Nd2 d5 34. Nf3 Rc4 35. Nd4 Qd7 36. Qh6 Qg7 37. Qf4 Kh7 38. Be3 Kg8 39. Qf3 Qd7 40. a5 Ra4 41. Rf1 Rxa5 42. Bh3 Nf6 43. Bg5 Ne4 44. Bh6 Nf6 45. Nxf5 gxf5 46. Bxf5 Qc7 47. Bh3 Nh7 48. Be6+ Kh8 49. Qg4 Rb5 50. Rf7 Qb6+ 51. Kg2 Rxb2+ 52. Kh3 Qxe6 53. Bg7+ Kg8 54. Rf5 Rxh2+ 55. Kxh2 Qe2+ 56. Qxe2 Rxe2+ 57. Kh3 Kxg7 0-1

[Event "BUL-chT U18"]
[Site "Razgrad"]
[Date "2006.11.11"]
[Round "6.1"]
[White "Vasilev, Plamen"]
[Black "Kolev, Vasil"]
[Result "1-0"]
[WhiteElo "2049"]
[BlackElo "1993"]
[PlyCount "75"]
[EventDate "2006.11.08"]
[EventType "team"]
[EventRounds "7"]
[EventCountry "BUL"]
[SourceTitle "CBM 115 Extra"]
[Source "ChessBase"]
[SourceDate "2007.01.10"]
[SourceVersion "1"]
[SourceVersionDate "2007.01.10"]
[SourceQuality "1"]

1. d4 d5 2. Nf3 Nf6 3. g3 Bf5 4. Bg2 e6 5. 0-0 Be7 6. c4 c6 7. Nbd2 h6 8. b3 0-0 9. Bb2 Nbd7 10. Ne5 Qb6 11. Nxd7 Nxd7 12. e4 dxe4 13. Nxe4 Nf6 14. Qe2 Nxe4 15. Bxe4 Bxe4 16. Qxe4 Bf6 17. Rad1 Rfd8 18. Rd3 Rd7 19. Rfd1 Rad8 20. Bc3 Qa6 21. a4 Qb6 22. Qe3 Qxb3 23. Ba5 Qxc4 24. Bxd8 Rxd8 25. d5 Rxd5 26. Rxd5 cxd5 27. Qxa7 Qc2 28. Rf1 Qb2 29. Qb8+ Kh7 30. Qc7 Kg6 31. h4 h5 32. Re1 Bc3 33. Re3 Bf6 34. g4 Qa1+ 35. Kg2 Qxa4 36. gxh5+ Kxh5 37. Qxf7+ Kh6 38. Rh3 1-0

[Event "Plovdiv Tringov Memorial"]
[Site "Plovdiv"]
[Date "2006.02.07"]
[Round "1"]
[White "Dochev, Dimitar"]
[Black "Kolev, Vasil"]
[Result "1-0"]
[WhiteElo "2388"]
[BlackElo "2013"]
[PlyCount "71"]
[EventDate "2006.02.07"]
[EventType "swiss"]
[EventRounds "9"]
[EventCountry "BUL"]
[SourceTitle "EXT 2007"]
[Source "ChessBase"]
[SourceDate "2006.11.23"]
[SourceVersion "1"]
[SourceVersionDate "2006.11.23"]
[SourceQuality "1"]

1. e4 c5 2. Nf3 d6 3. d4 cxd4 4. Nxd4 Nf6 5. Nc3 a6 6. Be3 e5 7. Nf3 Qc7 8. a4 b6 9. Bg5 Nbd7 10. Nd2 Bb7 11. Bc4 Be7 12. 0-0 0-0 13. Qe2 h6 14. Bxf6 Nxf6 15. Rfd1 Rfd8 16. Nf1 Nxe4 17. Nd5 Bxd5 18. Bxd5 Nf6 19. Bxa8 Rxa8 20. Ne3 Qc6 21. c4 Ne8 22. Nd5 Bf8 23. Qf3 Rc8 24. Rac1 b5 25. axb5 axb5 26. b3 bxc4 27. Rxc4 Qa6 28. Rxc8 Qxc8 29. b4 Qd7 30. Rb1 Qb5 31. Nc3 Qb8 32. b5 Nc7 33. b6 Ne6 34. Qc6 d5 35. b7 Bd6 36. Qxd6 1-0